Small antenna handbook / (Record no. 17679)
[ view plain ]
| 000 -LEADER | |
|---|---|
| fixed length control field | 01032aam a2200313 a 4500 |
| 001 - CONTROL NUMBER | |
| control field | 015752818 |
| 005 - DATE AND TIME OF LATEST TRANSACTION | |
| control field | 20140413142655.0 |
| 008 - FIXED-LENGTH DATA ELEMENTS--GENERAL INFORMATION | |
| fixed length control field | 110328t2011 xxua frbf 001 0 eng d |
| 010 ## - LIBRARY OF CONGRESS CONTROL NUMBER | |
| LC control number | 2011013601 |
| 020 ## - INTERNATIONAL STANDARD BOOK NUMBER | |
| International Standard Book Number | 9780470890837 |
| 020 ## - INTERNATIONAL STANDARD BOOK NUMBER | |
| International Standard Book Number | 0470890835 |
| 020 ## - INTERNATIONAL STANDARD BOOK NUMBER | |
| Cancelled/invalid ISBN | 9781118106860 |
| 020 ## - INTERNATIONAL STANDARD BOOK NUMBER | |
| Cancelled/invalid ISBN | 9781118106839 |
| 020 ## - INTERNATIONAL STANDARD BOOK NUMBER | |
| Cancelled/invalid ISBN | 9781118106853 |
| 082 04 - DEWEY DECIMAL CLASSIFICATION NUMBER | |
| Classification number | 621.3824 |
| Edition number | 22 |
| Item number | HAN |
| 100 1# - MAIN ENTRY--PERSONAL NAME | |
| Personal name | Hansen, Robert C. |
| 9 (RLIN) | 35917 |
| 245 10 - TITLE STATEMENT | |
| Title | Small antenna handbook / |
| Statement of responsibility, etc | Robert C. Hansen, Robert E. Collin. |
| 260 ## - PUBLICATION, DISTRIBUTION, ETC. (IMPRINT) | |
| Place of publication, distribution, etc | Hoboken, United States : |
| Name of publisher, distributor, etc | IEEE Antennas and Propagation Society : |
| -- | John Wiley & Sons, Inc. : |
| Date of publication, distribution, etc | c.2011. |
| 300 ## - PHYSICAL DESCRIPTION | |
| Extent | xiv, 346 p. : |
| Other physical details | ill. ; |
| Dimensions | 25 cm. |
| 500 ## - GENERAL NOTE | |
| General note | Includes appendix. |
| 500 ## - GENERAL NOTE | |
| General note | Includes indexes. |
| 504 ## - BIBLIOGRAPHY, ETC. NOTE | |
| Bibliography, etc | Includes bibliographical references. |
| 650 #0 - SUBJECT ADDED ENTRY--TOPICAL TERM | |
| Topical term or geographic name as entry element | Antennas (Electronics) |
| 9 (RLIN) | 8918 |
| 650 #0 - SUBJECT ADDED ENTRY--TOPICAL TERM | |
| Topical term or geographic name as entry element | Miniature electronic equipment |
| 9 (RLIN) | 31428 |
| 653 ## - INDEX TERM--UNCONTROLLED | |
| Resource For college | Engineering, Electrical |
| Arrived date list | October2013 |
| -- | April2014 |
| 655 ## - INDEX TERM--GENRE/FORM | |
| Form subdivision | |
| -- | 34232 |
| 700 1# - ADDED ENTRY--PERSONAL NAME | |
| Personal name | Collin, Robert E. |
| 9 (RLIN) | 9177 |
| 942 ## - ADDED ENTRY ELEMENTS (KOHA) | |
| Source of classification or shelving scheme | Dewey Decimal Classification |
| Item type | Book - Borrowing |
| Call number prefix | 621.3824 HAN |
| Withdrawn status | Item status | Source of classification or shelving scheme | Damaged status | Not for loan | Vendor | Home library | Current library | Shelving location | Date acquired | Source of acquisition | Cost, normal purchase price | Total Checkouts | Full call number | Barcode | Date last seen | Cost, replacement price | Koha item type | Total Renewals | Date last borrowed |
|---|---|---|---|---|---|---|---|---|---|---|---|---|---|---|---|---|---|---|---|
| Dewey Decimal Classification | Baccah | Central Library | Central Library | First floor | 27/10/2013 | 680.00 | 621.3824 HAN | 000029428 | 15/07/2025 | 850.00 | NB - Book (Non borrowing) | ||||||||
| Dewey Decimal Classification | Baccah | Central Library | Central Library | First floor | 27/10/2013 | 680.00 | 1 | 621.3824 HAN | 000029429 | 15/07/2025 | 850.00 | Book - Borrowing | 2 | 03/12/2013 | |||||
| Dewey Decimal Classification | Baccah | Central Library | Central Library | First floor | 13/04/2014 | 790.00 | 621.3824 HAN | 000035883 | 15/07/2025 | 987.50 | Book - Borrowing |